000 00380nam a2200145 i 4500
001 bg
100 1 _aBRON, L. S.
245 0 _aKonstrukcii i naladka avtomaticeskich linii i specjalnych stankov /
_cL.S. Bron, S.N. Vlasov.
260 _aMoskva,
_c1969.
700 1 _aVLASOV, S. N.
040 _cBPK
041 _apol
942 _cKS
008 s pl f |000 0 pol
999 _c27075
_d27075
856 _uhttp://koha.tu.koszalin.pl/cgi-bin/koha/opac-detail.pl?biblionumber=27075
_yKatalog online BPK